[Event "EU-ch U18 Girls 19th"]
[Site "Fermo"]
[Date "2009.09.06"]
[Round "6"]
[White "Reginato, Sabrina"]
[Black "Van Orsouw, Svenja"]
[Result "1/2-1/2"]
[WhiteElo "1880"]
[BlackElo "1781"]
[PlyCount "89"]
[EventDate "2009.08.31"]
[EventType "swiss"]
[EventRounds "9"]
[EventCountry "ITA"]
[SourceTitle "CBM 132 Extra"]
[Source "ChessBase"]
[SourceDate "2009.11.03"]
[SourceVersion "1"]
[SourceVersionDate "2009.11.03"]
[SourceQuality "1"]

1. e4 c5 2. Nf3 Nc6 3. d4 cxd4 4. Nxd4 e5 5. Nb5 a6 6. Nd6+ Bxd6 7. Qxd6 Qf6 8. Qc7 Nge7 9. Nc3 Nb4 10. Na4 Qc6 11. Qxc6 Nexc6 12. Kd1 Ne7 13. Nb6 Rb8 14. f4 d6 15. f5 g6 16. c3 Nbc6 17. g4 h5 18. Nxc8 Nxc8 19. g5 b5 20. a4 bxa4 21. Rxa4 a5 22. Bd3 Ke7 23. Ra2 Rd8 24. f6+ Ke8 25. Bc4 d5 26. Bxd5 Nb6 27. c4 Nb4 28. Rxa5 Nxc4 29. Rc5 Nxd5 30. exd5 Nxb2+ 31. Bxb2 Rxb2 32. Re1 Rb1+ 33. Kd2 Rxe1 34. Kxe1 Kd7 35. Ke2 Ra8 36. Ke3 Ra2 37. Rb5 Kc7 38. Rc5+ Kd6 39. Rb5 Ra7 40. Kf3 Rc7 41. Ra5 Rc3+ 42. Kf2 Rc2+ 43. Kg3 Rc7 44. Kf3 Rb7 45. Kf2 1/2-1/2

[Event "GER-ch U18 Girls"]
[Site "Willingen"]
[Date "2009.06.05"]
[Round "8"]
[White "Frey, Alisa"]
[Black "Van Orsouw, Svenja"]
[Result "0-1"]
[WhiteElo "1984"]
[BlackElo "1697"]
[PlyCount "120"]
[EventDate "2009.05.30"]
[EventType "swiss"]
[EventRounds "9"]
[EventCountry "GER"]
[SourceTitle "CBM 130 Extra"]
[Source "ChessBase"]
[SourceDate "2009.07.02"]
[SourceVersion "2"]
[SourceVersionDate "2009.07.15"]
[SourceQuality "1"]

1. d4 Nf6 2. c4 d5 3. cxd5 Qxd5 4. e3 e6 5. Nc3 Qd8 6. Nf3 c5 7. Be2 Be7 8. 0-0 0-0 9. Qc2 Nc6 10. Rd1 cxd4 11. exd4 Qa5 12. a3 Rd8 13. Be3 a6 14. b4 Qc7 15. Na4 Nd5 16. Rac1 Bd7 17. Bd3 h6 18. Ne5 Bd6 19. Nxd7 Qxd7 20. Nc5 Bxc5 21. dxc5 Nxe3 22. fxe3 Qc7 23. Bh7+ Kh8 24. Be4 Rxd1+ 25. Rxd1 Rd8 26. Rxd8+ Qxd8 27. Qd3 Qg5 28. h3 Qe5 29. Kh1 Qa1+ 30. Kh2 Qe5+ 31. Kg1 Qa1+ 32. Kh2 Qe5+ 33. g3 Qb2+ 34. Bg2 Ne5 35. Qe4 Nc6 36. a4 Kg8 37. h4 Kf8 38. Kh3 Ke7 39. Qc4 Qxb4 40. Qxb4 Nxb4 41. Bxb7 a5 42. Be4 Na6 43. c6 Kd6 44. g4 Nb4 45. Kg3 Nxc6 46. Kf4 Nb4 47. g5 hxg5+ 48. hxg5 Nd5+ 49. Kf3 Nc3 50. Bc2 Kc5 51. Kf4 f6 52. gxf6 gxf6 53. Bb3 Nd5+ 54. Ke4 Kb4 55. Bc2 Nc3+ 56. Kf4 Nxa4 57. e4 Nc5 58. e5 f5 59. Bb1 Kb3 60. Ke3 a4 0-1

[Event "NRW-ch U18 Girls"]
[Site "Kranenburg"]
[Date "2009.04.16"]
[Round "6"]
[White "Van Orsouw, Svenja"]
[Black "Stroessner, Lena"]
[Result "1/2-1/2"]
[WhiteElo "1697"]
[BlackElo "1989"]
[PlyCount "39"]
[EventDate "2009.04.13"]
[EventType "swiss"]
[EventRounds "7"]
[EventCountry "GER"]
[SourceTitle "EXT 2010"]
[Source "ChessBase"]
[SourceDate "2010.11.25"]
[SourceVersion "1"]
[SourceVersionDate "2010.11.25"]
[SourceQuality "1"]

1. e4 e6 2. b3 d5 3. Bb2 c5 4. exd5 exd5 5. Nf3 Nf6 6. Bb5+ Nc6 7. Qe2+ Be6 8. 0-0 Be7 9. d4 0-0 10. Nbd2 Rc8 11. dxc5 Bxc5 12. a3 Bf5 13. Bxc6 bxc6 14. b4 Bb6 15. Nd4 Bg6 16. N2b3 c5 17. bxc5 Bxc5 18. Nxc5 Rxc5 19. f3 Qb6 20. c3 1/2-1/2

[Event "GER-ch U18 Girls"]
[Site "Willingen"]
[Date "2008.05.14"]
[Round "6"]
[White "Van Orsouw, Svenja"]
[Black "Mucha, Annegret"]
[Result "1/2-1/2"]
[WhiteElo "1645"]
[BlackElo "1945"]
[PlyCount "106"]
[EventDate "2008.05.11"]
[EventType "swiss"]
[EventRounds "9"]
[EventCountry "GER"]
[SourceTitle "CBM 124 Extra"]
[Source "ChessBase"]
[SourceDate "2008.07.03"]
[SourceVersion "1"]
[SourceVersionDate "2008.07.03"]
[SourceQuality "1"]

1. e4 c5 2. Nf3 d6 3. d4 cxd4 4. Nxd4 Nf6 5. Nc3 a6 6. Be3 e5 7. Nb3 Be6 8. f3 Be7 9. Qd2 0-0 10. 0-0-0 Nbd7 11. g4 b5 12. g5 b4 13. Ne2 Ne8 14. Ng3 a5 15. Kb1 Nb6 16. Nf5 Nc4 17. Bxc4 Bxc4 18. f4 Be6 19. Nxe7+ Qxe7 20. f5 Bxb3 21. axb3 Qb7 22. Qd5 Qxd5 23. Rxd5 f6 24. h4 Ra6 25. Rb5 Rf7 26. g6 Re7 27. h5 Ra8 28. Rd1 h6 29. Rdd5 a4 30. Rxb4 axb3 31. cxb3 Rd7 32. Bb6 Rb7 33. Bc5 Rd7 34. Ra4 Rb8 35. Ra6 Rbd8 36. Bb4 Nc7 37. Rdxd6 Nxa6 38. Rxa6 Rd4 39. Be7 Rc8 40. b4 Rxe4 41. b5 Rd4 42. b6 Rd7 43. Ra7 Rxa7 44. bxa7 e4 45. Bc5 e3 46. Bxe3 Kf8 47. b4 Ke8 48. Bc5 Kd7 49. Kc2 Kc6 50. Kd3 Kb7 51. Ke4 Re8+ 52. Kd5 Re5+ 53. Kd6 Re8 1/2-1/2

[Event "GER-ch U18 Girls"]
[Site "Willingen"]
[Date "2008.05.13"]
[Round "4"]
[White "Jehle, Anja"]
[Black "Van Orsouw, Svenja"]
[Result "1/2-1/2"]
[WhiteElo "1968"]
[BlackElo "1645"]
[PlyCount "98"]
[EventDate "2008.05.11"]
[EventType "swiss"]
[EventRounds "9"]
[EventCountry "GER"]
[SourceTitle "CBM 124 Extra"]
[Source "ChessBase"]
[SourceDate "2008.07.03"]
[SourceVersion "1"]
[SourceVersionDate "2008.07.03"]
[SourceQuality "1"]

1. d4 Nf6 2. c4 c5 3. d5 b5 4. Nd2 e6 5. e4 bxc4 6. Bxc4 exd5 7. Bxd5 Nxd5 8. exd5 d6 9. Nc4 Be7 10. Bf4 0-0 11. Ne2 Re8 12. 0-0 Ba6 13. Rc1 Nd7 14. b3 Nb6 15. Ng3 Nxc4 16. bxc4 Rb8 17. a3 Qd7 18. Re1 Rb2 19. Qd3 Reb8 20. Qf5 Qd8 21. Qe4 Bf8 22. Nf5 R2b3 23. Re3 Rxe3 24. Qxe3 Qf6 25. g4 Bc8 26. Qe8 Bxf5 27. Qxb8 Bxg4 28. Bg3 Bh3 29. Qb3 h5 30. Kh1 h4 31. Bxd6 Bg2+ 32. Kxg2 Qg5+ 33. Bg3 Qxc1 34. Bxh4 Qf4 35. Bg3 Qe4+ 36. Kf1 Qh1+ 37. Ke2 Qe4+ 38. Kd2 g6 39. Qe3 Qxc4 40. d6 Qa2+ 41. Kd1 Qb1+ 42. Qc1 Qd3+ 43. Qd2 Qb1+ 44. Ke2 Qe4+ 45. Qe3 Qc2+ 46. Kf3 Bxd6 47. Qe8+ Bf8 48. Kg2 Qf5 49. Qa8 Qd7 1/2-1/2

[Event "GER-ch U18 Girls"]
[Site "Willingen"]
[Date "2008.05.11"]
[Round "2"]
[White "Herbold, Nora Marina"]
[Black "Van Orsouw, Svenja"]
[Result "0-1"]
[WhiteElo "1674"]
[BlackElo "1645"]
[PlyCount "118"]
[EventDate "2008.05.11"]
[EventType "swiss"]
[EventRounds "9"]
[EventCountry "GER"]
[SourceTitle "CBM 124 Extra"]
[Source "ChessBase"]
[SourceDate "2008.07.03"]
[SourceVersion "1"]
[SourceVersionDate "2008.07.03"]
[SourceQuality "1"]

1. e4 c5 2. Nf3 Nc6 3. d4 cxd4 4. Nxd4 Nf6 5. Nc3 e5 6. Ndb5 d6 7. Bg5 a6 8. Na3 b5 9. Nd5 Be7 10. Bxf6 Bxf6 11. c3 0-0 12. Nc2 Bg5 13. a4 bxa4 14. Rxa4 a5 15. Bc4 Rb8 16. b3 Ne7 17. Nce3 Nxd5 18. Nxd5 Bd7 19. Ra2 Kh8 20. h4 Bh6 21. g4 Bf4 22. Qe2 Be6 23. g5 Bxd5 24. Bxd5 Qc7 25. Bc4 Rfc8 26. Rg1 Rxb3 27. Bxb3 Qxc3+ 28. Kf1 Qh3+ 29. Ke1 Qxb3 30. Qb2 Rc1+ 31. Ke2 Qc4+ 32. Kf3 Qd3+ 33. Kg2 Qxe4+ 34. f3 Rxg1+ 35. Kxg1 Qe1+ 36. Kg2 Qg3+ 37. Kf1 Qxf3+ 38. Kg1 Qd1+ 39. Kg2 Qd5+ 40. Kf2 h6 41. Qc2 Qc5+ 42. Qxc5 dxc5 43. Rxa5 hxg5 44. hxg5 Bxg5 45. Rxc5 Bf4 46. Rc3 Kh7 47. Rh3+ Kg6 48. Rh4 f5 49. Rh1 e4 50. Rb1 Kg5 51. Rg1+ Kf6 52. Rb1 g6 53. Rb6+ Kg5 54. Ra6 Kh5 55. Ra5 Kg4 56. Ra1 g5 57. Rg1+ Kh3 58. Rh1+ Bh2 59. Ra1 f4 0-1

[Event "NRW-ch U18 Girls"]
[Site "Kranenburg"]
[Date "2008.03.29"]
[Round "7"]
[White "Wolff, Christina"]
[Black "Van Orsouw, Svenja"]
[Result "0-1"]
[WhiteElo "973"]
[BlackElo "1831"]
[PlyCount "52"]
[EventDate "2008.03.24"]
[EventType "swiss"]
[EventRounds "7"]
[EventCountry "GER"]
[SourceTitle "EXT 2009"]
[Source "ChessBase"]
[SourceDate "2008.11.26"]
[SourceVersion "1"]
[SourceVersionDate "2008.11.26"]
[SourceQuality "1"]

1. e4 c5 2. Nf3 Nc6 3. d4 cxd4 4. Nxd4 e5 5. Nf3 Nf6 6. Nc3 Bb4 7. Bd2 Bxc3 8. Bxc3 Nxe4 9. Bxe5 Nxe5 10. Nxe5 Qa5+ 11. c3 Qxe5 12. Qe2 Qe6 13. Rd1 Nf6 14. Qxe6+ dxe6 15. Bc4 Bd7 16. 0-0 Ke7 17. Rfe1 Rhd8 18. Bd3 Bc6 19. h3 Rd7 20. Bc2 Rxd1 21. Rxd1 Rd8 22. Rc1 Rd2 23. f3 Nd5 24. Be4 Rxb2 25. a3 Ne3 26. Bxc6 bxc6 0-1

[Event "GER-ch U16 Girls"]
[Site "Willingen"]
[Date "2007.06.01"]
[Round "9"]
[White "Van Orsouw, Svenja"]
[Black "Kinzel, Tiffany"]
[Result "1-0"]
[WhiteElo "1682"]
[BlackElo "1658"]
[PlyCount "57"]
[EventDate "2007.05.26"]
[EventType "swiss"]
[EventRounds "9"]
[EventCountry "GER"]
[SourceTitle "CBM 118 Extra"]
[Source "ChessBase"]
[SourceDate "2007.07.04"]
[SourceVersion "1"]
[SourceVersionDate "2007.07.04"]
[SourceQuality "1"]

1. e4 c5 2. c3 d5 3. exd5 Qxd5 4. d4 cxd4 5. cxd4 Nc6 6. Nf3 Bg4 7. Nc3 Qd8 8. Qa4 Bxf3 9. gxf3 Qxd4 10. Qxd4 Nxd4 11. Nb5 Rd8 12. Nxd4 Rxd4 13. Be3 Rd6 14. Bxa7 Nf6 15. Rc1 e6 16. Rc7 g6 17. Bb5+ Kd8 18. Rxb7 Bg7 19. 0-0 Rd5 20. Bb6+ Kc8 21. Ba6 Nd7 22. Rc1+ Nc5 23. Rxf7+ Kb8 24. Bxc5 Bh6 25. Ba7+ Ka8 26. Bb7+ Kxa7 27. Bxd5+ Kb6 28. Rb7+ Ka5 29. b4+ 1-0

[Event "GER-ch U16 Girls"]
[Site "Willingen"]
[Date "2007.05.31"]
[Round "8"]
[White "Mertens, Pauline"]
[Black "Van Orsouw, Svenja"]
[Result "1-0"]
[WhiteElo "1927"]
[BlackElo "1682"]
[PlyCount "53"]
[EventDate "2007.05.26"]
[EventType "swiss"]
[EventRounds "9"]
[EventCountry "GER"]
[SourceTitle "CBM 118 Extra"]
[Source "ChessBase"]
[SourceDate "2007.07.04"]
[SourceVersion "1"]
[SourceVersionDate "2007.07.04"]
[SourceQuality "1"]

1. e4 c5 2. Nf3 Nc6 3. Nc3 Nf6 4. e5 Ng4 5. Qe2 d6 6. exd6 Qxd6 7. Ne4 Qg6 8. h4 Nf6 9. Nd6+ Kd8 10. Nxc8 Kxc8 11. d4 Nb4 12. Ne5 Qe4 13. Qxe4 Nxe4 14. Bd3 f5 15. a3 Na6 16. Nf7 Rg8 17. Bc4 Nf6 18. Be6+ Kc7 19. Bf4+ Kb6 20. Ne5 Rd8 21. Nc4+ Kc6 22. Bxg8 Nxg8 23. Ne5+ Kb6 24. dxc5+ Nxc5 25. Be3 Rd5 26. Nd3 e5 27. b4 1-0

[Event "GER-ch U16 Girls"]
[Site "Willingen"]
[Date "2007.05.27"]
[Round "2"]
[White "Van Orsouw, Svenja"]
[Black "Bischoff, Laura"]
[Result "1-0"]
[WhiteElo "1682"]
[BlackElo "1522"]
[PlyCount "91"]
[EventDate "2007.05.26"]
[EventType "swiss"]
[EventRounds "9"]
[EventCountry "GER"]
[SourceTitle "CBM 118 Extra"]
[Source "ChessBase"]
[SourceDate "2007.07.04"]
[SourceVersion "1"]
[SourceVersionDate "2007.07.04"]
[SourceQuality "1"]

1. e4 c5 2. Nf3 e6 3. Nc3 a6 4. d3 b5 5. g3 Bb7 6. Bg2 Be7 7. 0-0 d6 8. Be3 Nd7 9. Nd2 Qc7 10. f4 Ngf6 11. h3 Nb6 12. Qe2 d5 13. Nd1 0-0 14. e5 Nfd7 15. c3 f6 16. d4 fxe5 17. fxe5 Rxf1+ 18. Nxf1 Nc4 19. Qg4 Nf8 20. Bh6 Bd8 21. Nfe3 Nxe3 22. Nxe3 cxd4 23. cxd4 Qe7 24. h4 Kh8 25. Bg5 Qf7 26. Rf1 Qe8 27. Bxd8 Rxd8 28. Bh3 Bc8 29. Rc1 Rd7 30. Rc5 Qd8 31. Qf3 Bb7 32. Ng2 Qe8 33. Nf4 Rf7 34. Qg4 Re7 35. b4 Qf7 36. a3 Qe8 37. h5 Qf7 38. Qe2 Qe8 39. Rc3 Qd8 40. g4 Rf7 41. Rf3 Qb6 42. Ng6+ Nxg6 43. Rxf7 Qxd4+ 44. Kh2 Ne7 45. Rxe7 Qf4+ 46. Kg2 1-0

[Event "NRW-ch U16 Girls"]
[Site "Kranenburg"]
[Date "2007.04.13"]
[Round "6"]
[White "Suarez, Daniela"]
[Black "Van Orsouw, Svenja"]
[Result "0-1"]
[WhiteElo "1135"]
[BlackElo "1657"]
[PlyCount "33"]
[EventDate "2007.04.09"]
[EventType "swiss"]
[EventRounds "7"]
[EventCountry "GER"]
[SourceTitle "EXT 2008"]
[Source "ChessBase"]
[SourceDate "2007.11.25"]
[SourceVersion "1"]
[SourceVersionDate "2007.11.25"]
[SourceQuality "1"]

1. d4 Nf6 2. Nf3 g6 3. e3 Bg7 4. Be2 d6 5. 0-0 0-0 6. b3 Nc6 7. Bb2 e6 8. Nbd2 Nd7 9. Nc4 d5 10. Nce5 Ncxe5 11. dxe5 c5 12. c4 dxc4 13. Bxc4 Qc7 14. Rc1 Nxe5 15. Nxe5 Bxe5 16. Bxe5 Qxe5 17. f4 0-1

[Event "GER-ch U16 Girls"]
[Site "Willingen"]
[Date "2006.06.09"]
[Round "9"]
[White "Hoffmann, Lena"]
[Black "Van Orsouw, Svenja"]
[Result "0-1"]
[WhiteElo "1910"]
[BlackElo "1596"]
[PlyCount "76"]
[EventDate "2006.06.03"]
[EventType "swiss"]
[EventRounds "9"]
[EventCountry "GER"]
[SourceTitle "EXT 2007"]
[Source "ChessBase"]
[SourceDate "2006.11.23"]
[SourceVersion "1"]
[SourceVersionDate "2006.11.23"]
[SourceQuality "1"]

1. Nc3 c5 2. e4 Nc6 3. g3 g6 4. Bg2 Bg7 5. f4 e6 6. Nf3 d6 7. 0-0 Nge7 8. d3 0-0 9. Be3 Nd4 10. Qd2 Rb8 11. Ne1 b5 12. Nd1 b4 13. c3 bxc3 14. bxc3 Qa5 15. Rc1 Ndc6 16. g4 f5 17. gxf5 exf5 18. Qf2 Bb7 19. e5 dxe5 20. Bxc5 exf4 21. Bxc6 Nxc6 22. Bxf8 Rxf8 23. Nf3 Qd5 24. Qc2 Ne5 25. Nxe5 Qh1+ 26. Kf2 Qxh2+ 27. Ke1 Qg3+ 28. Rf2 Bxe5 29. Qb3+ Rf7 30. d4 Bd6 31. Rcc2 Kg7 32. Kd2 Be4 33. Rb2 f3 34. Qc4 Bf4+ 35. Ke1 Bd5 36. Qc5 Kf6 37. Kf1 Qh3+ 38. Kg1 Re7 0-1

[Event "GER-ch U16 Girls"]
[Site "Willingen"]
[Date "2006.06.07"]
[Round "7"]
[White "Van Orsouw, Svenja"]
[Black "Nekrasova, Kateryna"]
[Result "1-0"]
[WhiteElo "1596"]
[BlackElo "1502"]
[PlyCount "91"]
[EventDate "2006.06.03"]
[EventType "swiss"]
[EventRounds "9"]
[EventCountry "GER"]
[SourceTitle "EXT 2007"]
[Source "ChessBase"]
[SourceDate "2006.11.23"]
[SourceVersion "1"]
[SourceVersionDate "2006.11.23"]
[SourceQuality "1"]

1. e4 c6 2. d4 d5 3. exd5 cxd5 4. Bd3 Nc6 5. c3 g6 6. Bf4 Bg7 7. Nf3 Nh6 8. 0-0 0-0 9. Re1 f6 10. c4 Nf7 11. cxd5 Nb4 12. d6 exd6 13. Bc4 d5 14. Bb3 Bf5 15. Re3 Nd6 16. a3 Nc6 17. Bxd5+ Kh8 18. Bxc6 bxc6 19. Nc3 Nc4 20. Re2 Bg4 21. Qd3 Bxf3 22. gxf3 Nb6 23. Rae1 f5 24. Be5 c5 25. Bxg7+ Kxg7 26. Re7+ Rf7 27. Rxf7+ Kxf7 28. d5 Qg5+ 29. Kh1 Rd8 30. Qe3 Qxe3 31. fxe3 Nc4 32. b3 Nd2 33. Kg2 Nxb3 34. e4 fxe4 35. fxe4 Nd2 36. e5 Rb8 37. e6+ Ke7 38. Re2 Nc4 39. Rf2 Ne3+ 40. Kh3 Nf5 41. Rf3 Rb3 42. Kg4 Kd6 43. Ne4+ Kxd5 44. Rxb3 Kxe4 45. Rb7 Kd5 46. e7 1-0

[Event "GER-ch U16 Girls"]
[Site "Willingen"]
[Date "2006.06.06"]
[Round "6"]
[White "Van Orsouw, Svenja"]
[Black "Hingst, Silke"]
[Result "1-0"]
[WhiteElo "1596"]
[BlackElo "1407"]
[PlyCount "109"]
[EventDate "2006.06.03"]
[EventType "swiss"]
[EventRounds "9"]
[EventCountry "GER"]
[SourceTitle "EXT 2007"]
[Source "ChessBase"]
[SourceDate "2006.11.23"]
[SourceVersion "1"]
[SourceVersionDate "2006.11.23"]
[SourceQuality "1"]

1. e4 e5 2. Nc3 d6 3. f4 Nc6 4. Nf3 f6 5. Bb5 Bd7 6. d3 Nge7 7. Qe2 Nd4 8. Nxd4 exd4 9. Bxd7+ Qxd7 10. Nd1 0-0-0 11. Bd2 d5 12. Nf2 Ng6 13. 0-0-0 Bd6 14. g3 Rhe8 15. Qh5 Nf8 16. Qxd5 Qa4 17. Qb3 Qxb3 18. axb3 Bc5 19. Rhf1 Rd6 20. Nh3 Ra6 21. Kb1 f5 22. e5 Rh6 23. Ng5 Rxh2 24. Rh1 Rxh1 25. Rxh1 h6 26. Nf3 Ne6 27. Rh5 Rf8 28. Nh4 Kd7 29. Rxf5 Rg8 30. Ng6 Nd8 31. Rh5 Ne6 32. f5 Nf8 33. Nxf8+ Rxf8 34. g4 Re8 35. e6+ Ke7 36. f6+ Kxf6 37. Rxc5 Rc8 38. c3 Kxe6 39. Rc4 dxc3 40. bxc3 c6 41. Re4+ Kd6 42. c4 Rf8 43. Bb4+ c5 44. Bc3 g6 45. Be5+ Kd7 46. Re1 Rf3 47. Kc2 h5 48. gxh5 gxh5 49. Re2 Rf7 50. Rg2 h4 51. Rh2 Ke6 52. Bb8 Rf8 53. Re2+ Kd7 54. Bxa7 Kc6 55. Re6+ 1-0

[Event "GER-ch U16 Girls"]
[Site "Willingen"]
[Date "2006.06.05"]
[Round "4"]
[White "Van Orsouw, Svenja"]
[Black "Oez, Eda"]
[Result "0-1"]
[WhiteElo "1596"]
[BlackElo "1248"]
[PlyCount "110"]
[EventDate "2006.06.03"]
[EventType "swiss"]
[EventRounds "9"]
[EventCountry "GER"]
[SourceTitle "EXT 2007"]
[Source "ChessBase"]
[SourceDate "2006.11.23"]
[SourceVersion "1"]
[SourceVersionDate "2006.11.23"]
[SourceQuality "1"]

1. e4 e5 2. Nc3 Nf6 3. f4 d5 4. fxe5 Nxe4 5. Nf3 Nc6 6. Bb5 Bf5 7. Qe2 a6 8. Bxc6+ bxc6 9. 0-0 Be7 10. Nd4 Bc5 11. Rxf5 Bxd4+ 12. Kh1 Nc5 13. Qg4 Ne6 14. d3 g6 15. Rf6 0-0 16. Bh6 Re8 17. Rxe6 Rxe6 18. Qxd4 Qe7 19. h3 Rxe5 20. Bf4 Re6 21. Kh2 Rb8 22. b3 Rb4 23. Qf2 Qf6 24. Bg3 Qxc3 25. Rf1 f5 26. Bxc7 Rb7 27. Bf4 Rbe7 28. Rc1 Qb2 29. a4 Re2 30. Qc5 Qf6 31. Qb6 g5 32. Qd8+ Kf7 33. Bd6 R7e6 34. Qf8+ Kg6 35. Qg8+ Qg7 36. Qb8 Qd7 37. Qg8+ Qg7 38. Qb8 g4 39. Bf4 gxh3 40. Kxh3 Rf2 41. Qc8 Kf7 42. Qd7+ Kf6 43. Qd8+ Kg6 44. Qg5+ Kf7 45. Qxf5+ Rf6 46. Qd7+ Kg8 47. Qe8+ Qf8 48. Qxf8+ Rxf8 49. Bg3 Rf1 50. Rxf1 Rxf1 51. Be5 Kf7 52. c4 dxc4 53. bxc4 Re1 54. d4 Ke6 55. Bg3 Ra1 0-1

[Event "GER-ch U16 Girls"]
[Site "Willingen"]
[Date "2006.06.04"]
[Round "2"]
[White "Van Orsouw, Svenja"]
[Black "Mader, Manuela"]
[Result "0-1"]
[WhiteElo "1596"]
[BlackElo "2061"]
[PlyCount "58"]
[EventDate "2006.06.03"]
[EventType "swiss"]
[EventRounds "9"]
[EventCountry "GER"]
[SourceTitle "EXT 2007"]
[Source "ChessBase"]
[SourceDate "2006.11.23"]
[SourceVersion "1"]
[SourceVersionDate "2006.11.23"]
[SourceQuality "1"]

1. e4 c6 2. d4 d5 3. f3 g6 4. Nc3 Bg7 5. Be3 Qb6 6. Qd2 Qxb2 7. Rb1 Qa3 8. exd5 Nf6 9. dxc6 bxc6 10. Bd3 0-0 11. Nge2 Ba6 12. 0-0 Nbd7 13. Rb3 Qa5 14. Rfb1 Bxd3 15. Qxd3 Nb6 16. Bf2 Rfd8 17. h3 e5 18. R1b2 Nh5 19. Qe4 Nc4 20. Qxc6 Rac8 21. Qb5 Qxb5 22. Nxb5 Nxb2 23. Rxb2 a6 24. Na3 exd4 25. Rb3 Be5 26. Rd3 Nf4 27. Nxf4 Bxf4 28. Rxd4 Rxd4 29. Bxd4 Bc1 0-1

[Event "GER-chT U14 Girls"]
[Site "Dittrichshuette"]
[Date "2005.12.29"]
[Round "5.2"]
[White "Dinger, Solveig"]
[Black "Van Orsouw, Svenja"]
[Result "0-1"]
[WhiteElo "1476"]
[BlackElo "1424"]
[PlyCount "130"]
[EventDate "2005.12.27"]
[EventType "team-swiss"]
[EventRounds "6"]
[EventCountry "GER"]
[SourceTitle "CBM 110 Extra"]
[Source "ChessBase"]
[SourceDate "2006.03.10"]
[SourceVersion "2"]
[SourceVersionDate "2006.03.10"]
[SourceQuality "1"]
[WhiteTeam "Wolfbusch U14 Girls"]
[BlackTeam "Porz SG U14 Girls"]
[WhiteTeamCountry "GER"]
[BlackTeamCountry "GER"]

1. e4 c5 2. Nf3 Nc6 3. d4 cxd4 4. Nxd4 Nf6 5. Nc3 e5 6. Ndb5 d6 7. Bg5 a6 8. Bxf6 gxf6 9. Na3 b5 10. Nd5 Bg7 11. c3 f5 12. exf5 Bxf5 13. Nc2 0-0 14. Nce3 Bg6 15. Bd3 f5 16. f4 Ne7 17. 0-0 Nxd5 18. Nxd5 Kh8 19. Bc2 e4 20. Bb3 Ra7 21. Kh1 Re8 22. Re1 Qc8 23. Ne3 Qc5 24. Qd5 Rd8 25. Rad1 Rad7 26. Kg1 b4 27. Rc1 bxc3 28. bxc3 Rc7 29. c4 Bd4 30. Qxc5 dxc5 31. Kf1 Bxe3 32. Rxe3 Rcd7 33. h3 Rd3 34. Rce1 Kg7 35. g4 Kf6 36. Kf2 h6 37. Kg3 R8d6 38. Bc2 Rd2 39. R1e2 Rxe2 40. Rxe2 Rd4 41. Bb3 Rd3+ 42. Kg2 Bf7 43. Rc2 Be6 44. gxf5 Kxf5 45. Rf2 e3 46. Bc2 exf2 47. Bxd3+ Kxf4 48. h4 Ke3 49. Bf1 Kd4 50. Kxf2 Bxc4 51. Bxc4 Kxc4 52. Ke3 Kd5 53. Kd3 c4+ 54. Kc3 Kc5 55. a4 a5 56. h5 Kd5 57. Kc2 Kd4 58. Kd2 c3+ 59. Kc2 Kc4 60. Kc1 Kb3 61. Kb1 Kxa4 62. Kc2 Kb4 63. Kb1 Kb3 64. Ka1 Kc4 65. Kb1 Kd3 0-1

[Event "GER-chT U14 Girls"]
[Site "Dittrichshuette"]
[Date "2005.12.29"]
[Round "6.2"]
[White "Hohmann, Louisa"]
[Black "Van Orsouw, Svenja"]
[Result "1-0"]
[WhiteElo "1312"]
[BlackElo "1424"]
[PlyCount "51"]
[EventDate "2005.12.27"]
[EventType "team-swiss"]
[EventRounds "6"]
[EventCountry "GER"]
[SourceTitle "CBM 110 Extra"]
[Source "ChessBase"]
[SourceDate "2006.03.10"]
[SourceVersion "2"]
[SourceVersionDate "2006.03.10"]
[SourceQuality "1"]
[WhiteTeam "Gerresheim U14 Girls"]
[BlackTeam "Porz SG U14 Girls"]
[WhiteTeamCountry "GER"]
[BlackTeamCountry "GER"]

1. e4 c5 2. Nf3 Nc6 3. d4 cxd4 4. Nxd4 Nf6 5. Nc3 e5 6. Ndb5 d6 7. Bg5 a6 8. Na3 b5 9. Nd5 Be7 10. Bxf6 Bxf6 11. c3 Bg5 12. Nc2 0-0 13. Bd3 g6 14. 0-0 f5 15. exf5 gxf5 16. a4 bxa4 17. Rxa4 a5 18. Qh5 Ra7 19. Rfa1 Rff7 20. Nce3 Bxe3 21. Nxe3 f4 22. Nc2 Qb6 23. Qh6 Qxb2 24. Qxd6 Rfd7 25. Qxc6 Kh8 26. Qc5 1-0

[Event "GER-chT U14 Girls"]
[Site "Dittrichshuette"]
[Date "2005.12.28"]
[Round "3.2"]
[White "Van Orsouw, Svenja"]
[Black "Barthold, Kristina"]
[Result "1-0"]
[WhiteElo "1424"]
[BlackElo "1309"]
[PlyCount "105"]
[EventDate "2005.12.27"]
[EventType "team-swiss"]
[EventRounds "6"]
[EventCountry "GER"]
[SourceTitle "CBM 110 Extra"]
[Source "ChessBase"]
[SourceDate "2006.03.10"]
[SourceVersion "2"]
[SourceVersionDate "2006.03.10"]
[SourceQuality "1"]
[WhiteTeam "Porz SG U14 Girls"]
[BlackTeam "Kronach U14 Girls"]
[WhiteTeamCountry "GER"]
[BlackTeamCountry "GER"]

1. e4 e5 2. Nc3 Nf6 3. f4 Nc6 4. Nf3 d6 5. Bb5 Bd7 6. d3 Qe7 7. Bd2 g6 8. Qe2 Bg7 9. h3 0-0-0 10. 0-0-0 Kb8 11. Nd5 Qe8 12. fxe5 dxe5 13. Bg5 Qe6 14. Bc4 Qd6 15. Nxf6 Bxf6 16. h4 h6 17. Bxf6 Qxf6 18. Rdf1 Qe7 19. Nd2 f5 20. exf5 gxf5 21. Bb5 Rhf8 22. Bxc6 Bxc6 23. Re1 Rfe8 24. Rhf1 Qe6 25. Kb1 Rd7 26. Qh5 Rf8 27. Ne4 b6 28. Ng3 Rdf7 29. Re2 Kb7 30. Ref2 f4 31. Ne4 Rf5 32. Qg4 Rg8 33. Qh3 Rd8 34. Re1 Bd7 35. Qf3 Bc6 36. Qh3 Rdf8 37. Rxf4 Bxe4 38. Rfxe4 Qf6 39. a3 a5 40. Qh2 Re8 41. d4 Rf1 42. dxe5 Rxe1+ 43. Rxe1 Qf2 44. Qh1 Ka7 45. g4 Qg3 46. Re4 Rxe5 47. Rxe5 Qxe5 48. Qg1 c5 49. Qf2 Ka6 50. Qd2 h5 51. g5 Qg3 52. Qd3+ Qxd3 53. cxd3 1-0